| 000 | 01022cab a2200229 4500 | ||
|---|---|---|---|
| 001 | ##L135049 | ||
| 008 | 060921n2006 000 0 eng u | ||
| 035 | _a(Sirsi) u135049 | ||
| 041 | 0 | _aeng | |
| 100 | 1 | _aEade, Christine | |
| 245 | 0 | 0 | _aBristol, Bath and Swindon |
| 260 | _c2006 | ||
| 490 | 0 |
_aProperty Week _v71(37) 15 September 2006, 97-117(8) |
|
| 520 | _aDiscusses Deeley Freed Estates' plans to redevelop the St Mary le Port area of Bristol; examines how the regeneration of south Bristol is being held up due to poor transport links; Looks at the boost to retail property in Bath which has resulted from the opening of the Bath spa and the proposed redevelopment of the Southgate shopping centre and considers the decreasing supply of land in Bristol, particularly for small industrial units. Graphs. | ||
| 590 | _aIKA031006 | ||
| 651 | 4 | _aBRISTOL | |
| 651 | 4 | _aBATH | |
| 651 | 4 | _aSWINDON | |
| 690 | _aPROPERTY-COMMERCIAL PROPERTY-COMMERCIAL PROPERTY MARKET | ||
| 700 | 1 | _aWatts, Tony | |
| 942 | _n0 | ||
| 999 |
_c77773 _d77773 |
||